| 000 | 01233cam a2200229 4500 | ||
|---|---|---|---|
| 001 | ##L134179 | ||
| 008 | 060714n2006 000 0 eng u | ||
| 035 | _a(Sirsi) u134179 | ||
| 041 | 0 | _aeng | |
| 050 | 0 | 4 | _a306.1 $2 18 |
| 110 | 1 |
_aUnited Kingdom _bParliament _bHouse of Commons _bSelect Committee on the Office of the Deputy Prime Minister |
|
| 245 | 0 | 0 |
_aAffordability and supply of housing _bthird report of session 2005-06: volume one |
| 260 |
_aLondon _bTSO _c2006 |
||
| 490 | 0 |
_aHC _v703-I |
|
| 520 | _aExamines government plans to make decent homes available to everyone at an affordable cost. Reports on housing supply and household growth, meeting housing needs and aspirations, housing growth and urban regeneration, reducing the housebuilding programme and managing the environmental impact. Provides conclusions and recommendations. Volume two contains oral and written evidence. | ||
| 590 | _aIKA180706 NTK, KA | ||
| 650 | 2 | 4 |
_aAffordable housing _96215 |
| 651 | 4 |
_aEngland _y886- |
|
| 690 | _aPROPERTY-RESIDENTIAL PROPERTY-RESIDENTIAL PROPERTY DEVELOPMENT | ||
| 856 | 4 | 0 |
_uhttps://www.publications.parliament.uk/pa/cm/cmodpm.htm _zView the report free of charge at www.publications.parliament.uk... |
| 942 | _n0 | ||
| 999 |
_c105585 _d105585 |
||